zpět

Detail výsledku týmu

Zelená Žába, Pardubice

Datum a čas kvízu

34 Celkem bodů Celkový počet nahraných bodů na tomto kvízu bez doplňovacích otázek.
3. Pořadí na kvízu Konečné umístění týmu na tomto kvízu.

Zaznamenané odpovědi

# Otázka Odpověď Body Výsledky
1. V neděli byla slavnostně otevř... sv. Jakub 0
2. Ve čtvrtek odsoudil nejvyšší s... Brazílie; Jair Bolsonaro 1
3. 44letý český dirigent Jakub Hr... v Londýně 1
4. Minulý týden přišli vědci s př... Benátky (Venezia) 0
5. Čeští volejbalisté si po dlouh... Filipíny 1
6. V tomto tématu se budeme zabýv... sestra - bratr 1
7. Chronologicky seřaďte vybrané... 1D 2B 3C 4A 1
8. Která z uvedených osobností je... C 0
9. V této otázce nás bude zajímat... Vratislav (I.) 0
10. Přiřaďte příbuzenské vztahy vy... 1C 2A 3D 4B 0